000 00693nam a2200253Ia 4500
003 OSt
005 20220926024359.0
006 a|||||r|||| 00| 0
007 ta
008 220923b |||||||| |||| 00| 0 eng d
020 _a0631125922
037 _cGeneral Book
040 _aRTL
_cRTL
_beng
041 _2eng
_aeng
082 _aR325, M6
100 _aHarre Rom
_969899
245 0 _aVarieties of realism
_b A rationale for the natural
260 _aOxford
_bBasil Blackwell
_c1986
300 _aviii, 375p
_ccm.
500 _aBibliography: P 356-63
650 _aMetaphysics
_913358
942 _hR325, M6
_cGB
_2CC
999 _c643999
_d643999